02659nam a22002417a 450000500170000000800410001702000180005804000070007604100080008308200230009110000290011424500390014326000400018230000280022236500870025052016950033765000210203265000280205394200120208199900190209395201890211295201160230120250802123108.0221007b ||||| |||| 00| 0 eng d a9780670092888 cAL aeng 223a324.2092bRAML aRahul Ramagundam9233740 aLife and times of George Fernandes aHaryanabPenguin Random Housec2022 axxv,533p.bHBc24x16cm. 2Human Rights and Environmental Sciencea4611b639.00c₹d799.00e20%f03-10-2022 aThe Militant Trade Union Leader. The Dauntless Political Rebel. The Passionate Socialist Dreamer. This is a biography of India's George Fernandes ... This is a history of contemporary India. George could call Bombay to shut down ... and rose from its streets to become India's Defence Minister. George Fernandes (1930-2019)-a firebrand trade union leader, socialist and amazingly powerful orator-is popularly known for leading the All India Railwaymen's Federation (AIRF) in 1974 and calling upon its approximately 1.7 million employees to strike, which brought India to a halt for twenty days. Often described as a rebel, he pursued every cause he took up with passionate devotion, heedless of the many ups and downs in his life. From the early years of fighting for the rights of dock and municipal workers of Bombay (now Mumbai) through the Emergency, which he resisted by going underground, to his last private decade as a bed-ridden Alzheimer's patient, his fights were always persistent and single-handed. The Life and Times of George Fernandes chronicles the story of George, who rose from the streets of Bombay to stride the corridors of power. In this extraordinary biography, Rahul Ramagundam opens a window to George's political evolution and traces the course of the Socialist Party in India from its inception in 1930s to its dissolution into the Janata Party in the late nineteen-seventies. In the process, the book explores the trail of India's Opposition parties that worked to displace the long-ruling Congress Party from its preeminent position. Comprehensive, evocative and absolutely unputdownable, this first definitive biography of George Fernandes is a tour de force. aBiography959079 aPolitical Leader959080 2ddccBK c224753d224753 00102ddc40708OTHaALbALcSKd2022-10-07eBiblios Book Point, Surathkal, Mangalore-575014g639.00l3o324.2092 RAMLp076115r2023-07-17 00:00:00s2023-04-12v799.00w2022-10-07yBK 00102ddc40708OTHaALbALd2024-04-04l0o324.2092 RAMLpD06164r2024-07-06 00:00:00v799.00w2024-07-06yDB